000 00944nam a2200253Ia 4500
999 _c88759
_d88759
005 20230317145639.0
010 _aBAC-EN21 ENG-111907
020 _a9780143419488
_c250.00
020 _a9780143419488
_c299.00 (AV)
035 _aEN-95439
035 _aB-580273-311
035 _aB-667324
037 _bAakar/Ven
_adpl
037 _bDBAD/PUB
082 _a820.914
100 _aKhushwant Singh
245 _aKhushwantnama :
_cBy Khushwant Singh
_bThe lessons of my life /
260 _c2014
_aNew Delhi
_bPenguin Books
270 _a11 Community Centre, Panchsheel Park
_bNew Delhi
_e110017
300 _c18cm(pbk)
_axiii,188p. :
_bill.
942 _cEN
_2ddc
_mKHU
_h820.914